000 00895nam a2200277 i 4500
003 DO-SdBNP
005 20240316073906.0
007 ta
008 230629b2007 dr a|||| |||| 00| 0 spa d
020 _a9789993486213
040 _aDO-SdBNP
_bspa
_cBNPHU
_erda
082 4 _222
100 1 _aVeloz Maggiolo, Marcio,
_d1936-2021
_eautor
_91104
245 1 0 _aGastronomía dominicana :
_bhistoria del sabor criollo /
_cMarcio Veloz Maggiolo, Hugo Tolentino Dipp
264 1 _aSanto Domingo :
_bCODETEL,
_c2007.
300 _a352 páginas :
_bilustraciones
_c28 cm.
336 _2rdacontent
_atexto
_btxt
337 _2rdamedia
_asin mediación
_bn
338 _2rdacarrier
_avolumen
_bnc
490 _aCultural Codetel
_v9
504 _aBibliografía : p. 250-252
590 _aInventariado, 2023/BT
700 1 _aTolentino Dipp, Hugo,
_d1930-2019
_912717
910 _aBtavárez
942 _2ddc
_cLBS1
999 _c54014
_d54014